[Event "Zalakaros op 18th"]
[Site "Zalakaros"]
[Date "1999.05.12"]
[Round "1"]
[White "Potapenko, Alexej"]
[Black "Anka, Emil"]
[Result "0-1"]
[WhiteElo "2136"]
[BlackElo "2464"]
[PlyCount "56"]
[EventDate "1999.05.??"]
[EventType "swiss"]
[EventRounds "9"]
[EventCountry "HUN"]
[SourceTitle "EXT 2000"]
[Source "ChessBase"]
[SourceDate "1999.11.16"]
[SourceVersion "1"]
[SourceVersionDate "1999.11.16"]
[SourceQuality "1"]

1. d4 Nf6 2. c4 e6 3. Nc3 Bb4 4. Qc2 0-0 5. a3 Bxc3+ 6. Qxc3 b6 7. b4 c5 8. Nf3 Bb7 9. Bb2 Ne4 10. Qb3 Nc6 11. e3 cxb4 12. axb4 a5 13. b5 Nb4 14. Be2 d5 15. 0-0 dxc4 16. Bxc4 Nd6 17. Be2 Nxb5 18. e4 Nd6 19. d5 exd5 20. Qc3 f6 21. exd5 Rc8 22. Qb3 Bxd5 23. Qd1 Nc4 24. Bxc4 Bxc4 25. Qxd8 Rfxd8 26. Rfd1 Rxd1+ 27. Rxd1 Be2 28. Re1 Bxf3 0-1

[Event "Krasnodar op"]
[Site "Krasnodar"]
[Date "1997.??.??"]
[Round "?"]
[White "Straub, Natalia"]
[Black "Potapenko, Alexej"]
[Result "1-0"]
[WhiteElo "2350"]
[BlackElo "2210"]
[PlyCount "69"]
[EventDate "1997.??.??"]
[EventType "swiss"]
[EventRounds "11"]
[EventCountry "RUS"]
[SourceTitle "EXT 2000"]
[Source "ChessBase"]
[SourceDate "1999.11.16"]
[SourceVersion "1"]
[SourceVersionDate "1999.11.16"]
[SourceQuality "1"]

1. d4 Nf6 2. c4 e5 3. dxe5 Ng4 4. Bf4 g5 5. Bg3 Bg7 6. Nf3 Nc6 7. Nc3 Ngxe5 8. Nxe5 Nxe5 9. e3 d6 10. c5 Bg4 11. f3 Be6 12. cxd6 0-0 13. Be2 cxd6 14. 0-0 Qb6 15. Qd2 d5 16. Na4 Qc6 17. b3 Nc4 18. bxc4 Bxa1 19. cxd5 Qxa4 20. Rxa1 Bd7 21. e4 h6 22. h4 f6 23. hxg5 fxg5 24. Rb1 Rac8 25. Bd1 Qa6 26. Bf2 b6 27. Bd4 Ba4 28. Ba1 Kf7 29. Qd4 b5 30. Bxa4 bxa4 31. Rb7+ Qxb7 32. Qg7+ Ke8 33. Qxb7 Rc1+ 34. Kh2 Rxa1 35. d6 1-0

[Event "RUS-Cup2"]
[Site "Moscow"]
[Date "1996.??.??"]
[Round "5"]
[White "Potapenko, Alexej"]
[Black "Glagolev, Boris"]
[Result "1-0"]
[WhiteElo "2210"]
[BlackElo "2055"]
[PlyCount "69"]
[EventDate "1996.11.28"]
[EventType "swiss"]
[EventRounds "9"]
[EventCountry "RUS"]
[SourceTitle "CBM 056 Extra"]
[Source "ChessBase"]
[SourceDate "1997.03.01"]
[SourceVersion "1"]
[SourceVersionDate "1997.03.01"]
[SourceQuality "1"]

1. d4 Nf6 2. c4 e6 3. Nf3 b6 4. a3 Bb7 5. e3 c5 6. Nc3 d5 7. Be2 Nbd7 8. 0-0 Be7 9. dxc5 bxc5 10. b4 0-0 11. b5 Qc7 12. Bb2 Bd6 13. h3 Rfd8 14. Qc2 dxc4 15. Nd2 Nb6 16. a4 a5 17. Nxc4 Nxc4 18. Bxc4 Rd7 19. f4 Rad8 20. Rad1 Bc8 21. Ba2 c4 22. Ne2 Nd5 23. Rxd5 exd5 24. Bb1 f5 25. Qxf5 g6 26. Qf6 Rg7 27. f5 Re8 28. fxg6 h6 29. Nf4 Be5 30. Nh5 Bxf6 31. Nxf6+ Kf8 32. Ba3+ Ree7 33. Nxd5+ Ke8 34. Nxc7+ Rxc7 35. Rf8+ 1-0

[Event "Moscow-ch op"]
[Site "Moscow"]
[Date "1995.??.??"]
[Round "3"]
[White "Baikov, Vladimir A"]
[Black "Potapenko, Alexej"]
[Result "1-0"]
[WhiteElo "2370"]
[BlackElo "2280"]
[PlyCount "69"]
[EventDate "1995.??.??"]
[EventType "swiss"]
[EventRounds "11"]
[EventCountry "RUS"]
[SourceTitle "EXT 1997"]
[Source "ChessBase"]
[SourceDate "1996.11.15"]
[SourceVersion "1"]
[SourceVersionDate "1996.11.15"]
[SourceQuality "1"]

1. d4 Nf6 2. c4 g6 3. Nc3 Bg7 4. e4 d6 5. Nf3 0-0 6. Be2 e5 7. 0-0 Nc6 8. d5 Ne7 9. Bg5 h5 10. b4 Nh7 11. Bd2 Kh8 12. Rc1 Ng8 13. c5 f5 14. c6 b6 15. a4 f4 16. Ne1 Nhf6 17. a5 g5 18. axb6 axb6 19. Ra1 Rxa1 20. Qxa1 Qe7 21. Ba6 Bxa6 22. Qxa6 g4 23. Nd3 Nh6 24. Bxf4 Nxe4 25. Nxe4 exf4 26. Re1 Be5 27. Nxe5 Qxe5 28. Qa1 Qxa1 29. Rxa1 Nf5 30. Ng5 Nd4 31. Kf1 Nc2 32. Ra7 Nxb4 33. Ne6 Rc8 34. Nxc7 Kg8 35. Rb7 1-0

[Event "Moscow-ch op"]
[Site "Moscow"]
[Date "1995.??.??"]
[Round "4"]
[White "Potapenko, Alexej"]
[Black "Annakov, Babakuli"]
[Result "1/2-1/2"]
[WhiteElo "2280"]
[BlackElo "2410"]
[PlyCount "75"]
[EventDate "1995.??.??"]
[EventType "swiss"]
[EventRounds "11"]
[EventCountry "RUS"]
[SourceTitle "EXT 1997"]
[Source "ChessBase"]
[SourceDate "1996.11.15"]
[SourceVersion "1"]
[SourceVersionDate "1996.11.15"]
[SourceQuality "1"]

1. Nf3 f5 2. g3 Nf6 3. Bg2 d6 4. d4 g6 5. b3 Bg7 6. Bb2 0-0 7. Nbd2 Nc6 8. 0-0 Qe8 9. Nc4 Nd5 10. Na3 Nb6 11. Nb5 Qd8 12. c4 a6 13. Nc3 e5 14. dxe5 dxe5 15. e4 Nd4 16. Nd5 c5 17. Nxd4 exd4 18. exf5 Bxf5 19. Re1 Kh8 20. Ne7 Qd7 21. Ba3 Qc7 22. Qf3 Rab8 23. Nxf5 Rxf5 24. Qd3 Nd7 25. Re7 Re5 26. Re1 Rxe1+ 27. Rxe1 Qa5 28. Re7 Qxa3 29. Rxd7 Qxa2 30. Bd5 Rf8 31. Rf7 Qa1+ 32. Kg2 Rxf7 33. Bxf7 Qe1 34. Bd5 Qe7 35. Qe4 Qxe4+ 36. Bxe4 b5 37. cxb5 axb5 38. Bd3 1/2-1/2

[Event "Moscow-ch op"]
[Site "Moscow"]
[Date "1995.??.??"]
[Round "10"]
[White "Potapenko, Alexej"]
[Black "Gelman, Alexander"]
[Result "0-1"]
[WhiteElo "2280"]
[BlackElo "2375"]
[PlyCount "82"]
[EventDate "1995.??.??"]
[EventType "swiss"]
[EventRounds "11"]
[EventCountry "RUS"]
[SourceTitle "EXT 1997"]
[Source "ChessBase"]
[SourceDate "1996.11.15"]
[SourceVersion "1"]
[SourceVersionDate "1996.11.15"]
[SourceQuality "1"]

1. Nf3 d6 2. d4 g6 3. g3 Bg7 4. Bg2 Nd7 5. 0-0 e5 6. dxe5 dxe5 7. e4 Ne7 8. b3 0-0 9. Ba3 Re8 10. Nc3 Nc6 11. Qd2 Nb6 12. Rad1 Bg4 13. Qe3 Qf6 14. Ne2 a5 15. h3 Bc8 16. Nc1 a4 17. Bb2 Qe7 18. Rd2 Nd7 19. Rfd1 Nf8 20. Bf1 Ne6 21. a3 axb3 22. cxb3 Ncd4 23. b4 Bh6 24. Qxh6 Nxf3+ 25. Kg2 Nxd2 26. Rxd2 Qg5 27. Qxg5 Nxg5 28. g4 Nxe4 29. Re2 Nd6 30. Re3 f6 31. Nb3 b6 32. Nd2 Ba6 33. Bxa6 Rxa6 34. g5 fxg5 35. Bxe5 Nf5 36. Re4 Rxa3 37. Bxc7 Rxe4 38. Nxe4 Rb3 39. Nf6+ Kf7 40. Nd5 Ke6 41. Nxb6 Rxb4 0-1

[Event "Moscow-ch op"]
[Site "Moscow"]
[Date "1995.??.??"]
[Round "1"]
[White "Shipov, Sergei"]
[Black "Potapenko, Alexej"]
[Result "0-1"]
[WhiteElo "2510"]
[BlackElo "2280"]
[PlyCount "77"]
[EventDate "1995.??.??"]
[EventType "swiss"]
[EventRounds "11"]
[EventCountry "RUS"]
[SourceTitle "EXT 1997"]
[Source "ChessBase"]
[SourceDate "1996.11.15"]
[SourceVersion "1"]
[SourceVersionDate "1996.11.15"]
[SourceQuality "1"]

1. d4 Nf6 2. c4 g6 3. Nc3 Bg7 4. e4 d6 5. Be2 0-0 6. Nf3 e5 7. Be3 Ng4 8. Bg5 f6 9. Bh4 Qe8 10. 0-0 a5 11. c5 dxc5 12. dxe5 c6 13. Na4 Nd7 14. e6 Qxe6 15. Nd2 Nge5 16. f4 Nf7 17. Qc2 b6 18. Rad1 Kh8 19. Nc4 Rb8 20. f5 Qe7 21. fxg6 hxg6 22. Bg3 Nfe5 23. Bxe5 fxe5 24. Rxf8+ Bxf8 25. Bg4 b5 26. Nxa5 Ra8 27. Nxc6 Qg5 28. Bxd7 Bxd7 29. Rxd7 Rxa4 30. Rd8 Rc4 31. Qe2 Rc1+ 32. Rd1 Rxd1+ 33. Qxd1 Qe3+ 34. Kh1 Qxe4 35. Nd8 c4 36. Qf1 Be7 37. Ne6 Qd3 38. Qe1 e4 39. h3 0-1